000 00296nam a22001337a 4500
008 181224b xxu||||| |||| 00| 0 eng d
020 _a0030577233
041 _aeng
080 _22nd
_a510
100 _a36
101 _aMAT
245 _aPrecalculus Mathematics
_cFlanders,H
942 _2udc
_cBK
999 _c53710
_d53710